000 00867nam a2200289 a 4500
003 AR-BaBNM
005 20251128203257.0
008 082120s2002 ||||||||||||||000 | spa||
040 _cAR-BaBNM
100 1 _aBrembeck, Cole S.
245 0 0 _aAmbiente y rendimiento escolar
_bel alumno en desventaja
260 _aBuenos Aires
_bPaidós
_c1975
300 _a227 p.
490 0 _aBiblioteca del educador contemporáneo. Menor
_vv. 207
504 _aBibliografía: p. 226-227
650 4 _aNIÑOS
650 4 _aAMBIENTE EDUCACIONAL
650 4 _aDIFERENCIACION SOCIAL
650 4 _aDIFERENCIACION CULTURAL
650 4 _aAMBIENTE DE LA CLASE
650 4 _aRENDIMIENTO DEL ALUMNO
700 1 _aMerener, Salomón
_etraductor
800 1 _aRomero Brest, Gilda Lamarque de
_edirector
800 1 _aBernstein, Jaime
_edirector
942 _cBK
998 _csilvi
999 _c2680
_d2680